[Event "Llinars del Valles op 11th"]
[Site "Llinars del Valles"]
[Date "2017.04.29"]
[Round "2"]
[White "Mas Recorda, Pere"]
[Black "Nunez Ortiz, Damia"]
[Result "1/2-1/2"]
[WhiteElo "1968"]
[BlackElo "1679"]
[PlyCount "45"]
[EventDate "2017.04.22"]
[EventType "swiss"]
[EventRounds "9"]
[EventCountry "CAT"]
[SourceTitle "EXT 2018"]
[Source "ChessBase"]
[SourceDate "2017.10.13"]
[SourceVersion "1"]
[SourceVersionDate "2017.10.13"]
[SourceQuality "1"]

1. d4 Nf6 2. c4 e5 3. dxe5 Ng4 4. Bf4 Nc6 5. Nf3 Bb4+ 6. Nc3 Qe7 7. Qd5 f6 8. exf6 Nxf6 9. Qd3 0-0 10. e3 d6 11. Be2 Ne4 12. 0-0 Bxc3 13. bxc3 Nc5 14. Qd2 Bf5 15. Nd4 Bg6 16. Rad1 Ne5 17. Bxe5 dxe5 18. Nf3 Rad8 19. Qb2 Be4 20. Rxd8 Rxd8 21. Rd1 Rxd1+ 22. Bxd1 Bd3 23. Be2 1/2-1/2

[Event "Llinars del Valles op 11th"]
[Site "Llinars del Valles"]
[Date "2017.04.22"]
[Round "1"]
[White "Nunez Ortiz, Damia"]
[Black "Ros Bosch, Carles"]
[Result "0-1"]
[WhiteElo "1679"]
[BlackElo "1927"]
[PlyCount "98"]
[EventDate "2017.04.22"]
[EventType "swiss"]
[EventRounds "9"]
[EventCountry "CAT"]
[SourceTitle "EXT 2018"]
[Source "ChessBase"]
[SourceDate "2017.10.13"]
[SourceVersion "1"]
[SourceVersionDate "2017.10.13"]
[SourceQuality "1"]

1. e4 c5 2. Nc3 d6 3. Bc4 Nc6 4. Nf3 Nf6 5. d4 cxd4 6. Nxd4 g6 7. Nxc6 bxc6 8. e5 Nd7 9. e6 fxe6 10. Bxe6 Nf6 11. Qe2 Bxe6 12. Qxe6 Qd7 13. Qxd7+ Kxd7 14. Rb1 Bg7 15. f3 Rab8 16. b3 Rhf8 17. Bb2 Nh5 18. Ne2 Bxb2 19. Rxb2 Nf4 20. Nxf4 Rxf4 21. Ke2 a5 22. a4 Rxa4 23. c3 Ra3 24. Rhb1 a4 25. bxa4 Rxb2+ 26. Rxb2 Kc7 27. Kd3 Rxa4 28. Re2 e5 29. g3 Kd7 30. Rb2 Ra7 31. Rb8 d5 32. Rg8 Kd6 33. Rd8+ Rd7 34. Re8 Rf7 35. Ke2 Re7 36. Rf8 Kc5 37. Kd3 e4+ 38. fxe4 dxe4+ 39. Ke3 Kc4 40. Rc8 Re6 41. g4 g5 42. Ra8 Kxc3 43. Ra5 h6 44. Ra8 c5 45. Rb8 c4 46. Rc8 Kb3 47. Rb8+ Kc2 48. Rc8 c3 49. Kd4 Kd2 0-1

[Event "Roncana op-A 8th"]
[Site "Santa Eulalia de Roncana"]
[Date "2014.12.06"]
[Round "8"]
[White "Nunez Ortiz, Damia"]
[Black "Baltasar Diaz, Vicente"]
[Result "0-1"]
[WhiteElo "1918"]
[BlackElo "2005"]
[PlyCount "123"]
[EventDate "2014.10.11"]
[EventType "swiss"]
[EventRounds "8"]
[EventCountry "ESP"]
[SourceTitle "EXT 2016"]
[Source "ChessBase"]
[SourceDate "2015.10.08"]
[SourceVersion "1"]
[SourceVersionDate "2015.10.08"]
[SourceQuality "1"]

1. e4 e6 2. d4 d5 3. Nc3 Nf6 4. Bg5 Bb4 5. e5 h6 6. Bd2 Bxc3 7. bxc3 Ne4 8. Qg4 g6 9. Bd3 Nxd2 10. Kxd2 c5 11. h4 Nc6 12. Nf3 Bd7 13. Qf4 Qe7 14. Rh3 0-0-0 15. dxc5 Qxc5 16. Nd4 g5 17. hxg5 hxg5 18. Qe3 Rxh3 19. gxh3 Nxd4 20. Qxd4 Qxd4 21. cxd4 Rh8 22. Rg1 Rh5 23. Rg3 Kd8 24. c3 Ke7 25. Be2 Rh4 26. Rxg5 Rxh3 27. Rg1 a6 28. Rb1 Bc6 29. Bd3 Rh4 30. Ke2 Rh3 31. a3 Rh2 32. Ke3 Rh3+ 33. Ke2 b5 34. Kd2 f6 35. exf6+ Kxf6 36. Rg1 Be8 37. Rg8 Kf7 38. Rg3 Rh6 39. Kc2 Kf8 40. Kb3 Rh2 41. Rf3+ Ke7 42. Kb4 Bh5 43. Rf4 Rh3 44. Bf1 Rh1 45. Bd3 Rd1 46. Rh4 Rxd3 47. Rxh5 Kd6 48. Rh8 a5+ 49. Kb3 Rd2 50. f4 a4+ 51. Kb4 Rb2+ 52. Ka5 Rb3 53. f5 exf5 54. Rh6+ Ke7 55. Rc6 f4 56. Ra6 Rxa3 57. Kxb5 Rxc3 58. Kxa4 Rc4+ 59. Kb5 Rxd4 60. Kc5 Rd3 61. Ra4 f3 62. Rf4 0-1

[Event "Vall del Tenes op 2nd"]
[Site "Vall del Tenes"]
[Date "2013.04.05"]
[Round "1"]
[White "Filipenko, Yan"]
[Black "Nunez Ortiz, Damia"]
[Result "0-1"]
[WhiteElo "1700"]
[BlackElo "1669"]
[PlyCount "90"]
[EventDate "2013.04.05"]
[EventType "swiss"]
[EventRounds "8"]
[EventCountry "ESP"]
[SourceTitle "EXT 2014"]
[Source "ChessBase"]
[SourceDate "2013.11.20"]
[SourceVersion "1"]
[SourceVersionDate "2013.11.20"]
[SourceQuality "1"]

1. e4 c6 2. Bc4 e6 3. Nc3 d5 4. Bd3 d4 5. Nce2 e5 6. c3 dxc3 7. dxc3 Nf6 8. Nf3 Bd6 9. Bg5 0-0 10. 0-0 h6 11. Bxf6 Qxf6 12. Ng3 Bg4 13. Be2 Bxf3 14. Bxf3 g6 15. Qd2 Kg7 16. Rfe1 Na6 17. b4 Rad8 18. a3 b5 19. Re3 Bxb4 20. Rd3 Rxd3 21. Qxd3 Rd8 22. Qe3 Bc5 23. Qe2 Nc7 24. Rc1 Bxa3 25. Rc2 Qd6 26. Qe3 Bc5 27. Qe2 Ne6 28. Bg4 Nf4 29. Qf3 Qd3 30. Qxd3 Rxd3 31. Bd7 Rxd7 32. h3 a5 33. Ra2 a4 34. Kh2 Rd1 35. f3 Bg1+ 36. Kh1 Bd4+ 37. Kh2 Bxc3 38. Ne2 Nxe2 39. Rxe2 Rd2 40. Re3 b4 41. Re1 Rxg2+ 42. Kxg2 Bxe1 43. Kf1 Bc3 44. Ke2 a3 45. Kd1 a2 0-1

[Event "Roncana op-A 5th"]
[Site "Santa Eulalia de Roncana"]
[Date "2011.11.05"]
[Round "5"]
[White "Nunez Ortiz, Damia"]
[Black "Fradera Manils, Josep"]
[Result "0-1"]
[WhiteElo "1757"]
[BlackElo "1925"]
[PlyCount "76"]
[EventDate "2011.10.01"]
[EventType "swiss"]
[EventRounds "8"]
[EventCountry "ESP"]
[SourceTitle "EXT 2013"]
[Source "ChessBase"]
[SourceDate "2012.11.22"]
[SourceVersion "1"]
[SourceVersionDate "2012.11.22"]
[SourceQuality "1"]

1. d4 e6 2. e4 Nc6 3. Nf3 Be7 4. c4 d5 5. Nc3 dxe4 6. Nxe4 Nf6 7. Bg5 Nxe4 8. Bxe7 Qxe7 9. a3 0-0 10. Bd3 Nf6 11. Qc2 e5 12. 0-0-0 Nxd4 13. Nxd4 exd4 14. h3 c5 15. g4 g6 16. Rde1 Qc7 17. Qd2 Bd7 18. f3 Rae8 19. h4 Rxe1+ 20. Rxe1 Re8 21. Rxe8+ Nxe8 22. h5 Qg3 23. hxg6 fxg6 24. Be4 Qg1+ 25. Kc2 Nd6 26. Bd5+ Kg7 27. Qf4 Qf2+ 28. Kb1 Qe1+ 29. Ka2 Qe7 30. g5 Bc6 31. Bxc6 bxc6 32. Qg4 Nf5 33. Qf4 Qd6 34. Qd2 Ne3 35. Qa5 Qe7 36. f4 Nxc4 37. Qa6 Nb6 38. Qd3 Qf7+ 0-1

[Event "Roncana op-A 5th"]
[Site "Santa Eulalia de Roncana"]
[Date "2011.10.01"]
[Round "1"]
[White "Herms Agullo, Jordi"]
[Black "Nunez Ortiz, Damia"]
[Result "1-0"]
[WhiteElo "2074"]
[BlackElo "1757"]
[PlyCount "67"]
[EventDate "2011.10.01"]
[EventType "swiss"]
[EventRounds "8"]
[EventCountry "ESP"]
[SourceTitle "EXT 2013"]
[Source "ChessBase"]
[SourceDate "2012.11.22"]
[SourceVersion "1"]
[SourceVersionDate "2012.11.22"]
[SourceQuality "1"]

1. e4 c6 2. d4 d5 3. e5 Bf5 4. h4 h5 5. Bg5 f6 6. Bc1 e6 7. Bd3 Bxd3 8. Qxd3 Ne7 9. Nh3 Qd7 10. Nf4 f5 11. Qf3 g6 12. Qg3 Rg8 13. b3 c5 14. dxc5 Nbc6 15. Nd3 0-0-0 16. 0-0 Nd4 17. Nc3 Nec6 18. Bg5 Be7 19. f4 Bxg5 20. hxg5 Nxc2 21. Rac1 d4 22. Nb5 Ne3 23. Nd6+ Kb8 24. Rf3 Nd5 25. Qe1 a6 26. b4 Nc7 27. a4 Ne8 28. b5 Nxd6 29. bxc6 Qxc6 30. cxd6 Qxa4 31. Nc5 Qa2 32. Qb4 Rg7 33. Ra3 Qe2 34. Nxa6+ 1-0